| 000 | 00705cam a2200241 i 4500 | ||
|---|---|---|---|
| 999 |
_c7206 _d7206 |
||
| 001 | 1085768 | ||
| 003 | YEEZEN | ||
| 005 | 20211209091129.0 | ||
| 008 | 210820s2021 ch a g 000 0 chi d | ||
| 020 |
_a9789573337195 _q(平裝) : _cNT$380 |
||
| 040 |
_aTWTNM _bchi _cTWTNM |
||
| 042 | _anbic | ||
| 084 |
_a192.1 _2ncsclt |
||
| 090 |
_a192.1 _b1124 |
||
| 100 | 1 | _a張德芬 | |
| 245 | 1 | 0 |
_a遇見自在優雅的自己 / _c張德芬著 |
| 250 | _a初版 | ||
| 260 |
_a臺北市 : _b皇冠文化, _c2021.05. |
||
| 300 |
_a255面 : _b彩圖 ; _c21公分 |
||
| 490 | 1 |
_a皇冠叢書 ; _v第4934種 |
|
| 490 | 1 |
_a張德芬作品集 ; _v7. |
|
| 650 | 7 |
_a修身 _2lcstt. |
|
| 650 | 7 |
_a生活指導 _2lcstt. |
|
| 830 | 0 |
_a皇冠叢書 ; _v第4934種 |
|
| 830 | 0 |
_a張德芬作品集 ; _v7. |
|
| 942 |
_2ccl _cBOOK |
||